| 000 | 03502cam a2200361 a 4500 | ||
|---|---|---|---|
| 005 | 20031230185550.0 | ||
| 010 | _aENG-101579 B-445659-663 | ||
| 020 |
_a9788125039150 _c495.00 |
||
| 035 | _aEN-85112 B-445659-663 | ||
| 037 | _bDBAD/PUB | ||
| 037 | _bAllied Pub/Ven | ||
| 082 | _a791.430954 | ||
| 245 | 1 | 0 |
_aGlobal bollywood : _cedited by Sangita Gopal [and] Sujata Moorti _btravels of Hindi song and dance / |
| 260 |
_aNew Delhi _bOrient Blackswan _c2010 |
||
| 270 |
_a1/24 Asaf Ali Road _bNew Delhi _e110002 |
||
| 300 |
_a340p. : _c23cm (pbk) _bill. |
||
| 500 | _aIncludes bibliographical references and index. | ||
| 505 | _aTapping the mass market : the commercial life of Hindi film songs / Anna Morcom -- The sounds of modernity : the evolution of Bollywood film song / Biswarup Sen -- From Bombay to Bollywood : tracking cinematic and musical tours / Nilanjana Bhattacharjya and Monika Mehta -- Bollywood and beyond : the transnational economy of film production in Ramoji film city, Hyderbad / Shanti Kumar -- The music of intolerable love : political conjugality in Mani Ratnam’s Dil se / Anustup Basu -- Intimate neighbors : Bollywood, dangdut music, and globalizing modernities in Indonesia / Bettina David -- The ubiquitous nonpresence of India : peripheral visions from Egyptian popular culture / Walter Armbrust -- Appropriating the uncodable : Hindi song and dance sequences in Israeli state promotional commercials / Ronie Parciack -- Dancing to an Indian beat : "Dola" goes my diasporic heart / Sangita Shresthova -- Food and cassettes : encounters with Indian filmsong / Edward K. Chan -- Queer as desis : secret politics of gender and sexuality in Bollywood films in diasporic urban ethnoscapes / Rajinder Dudrah -- Bollywood gets funky : American hip-hop, basement bhangra, and the racial politics of music / Richard Zumkhawala-Cook. | ||
| 650 | 0 |
_aMotion pictures _zIndia. _940721 |
|
| 650 | 0 |
_a Motion picture music _z India. _91186 |
|
| 700 |
_aGopal, Sangita _922410 |
||
| 700 |
_aMoorti, Sujata _922414 |
||
| 856 | 4 | 2 |
_3Publisher description _uhttp://www.loc.gov/catdir/description/texas041/93060588.html |
| 856 | 4 | 1 |
_3Table of contents _uhttp://www.loc.gov/catdir/toc/texas041/93060588.html |
| 942 |
_2ddc _cEN _mGLO _h791.430954 |
||
| 999 |
_c47994 _d47994 |
||